| 000 | 00466nam a2200169Ia 4500 | ||
|---|---|---|---|
| 999 |
_c20841 _d20841 |
||
| 003 | OSt | ||
| 005 | 20200708120930.0 | ||
| 008 | 190216s9999||||xx |||||||||||||| ||und|| | ||
| 040 | _coclc | ||
| 082 |
_a907.2 _bGOP/H |
||
| 100 |
_aGopalakrishnan, V K _93662 |
||
| 245 | 0 |
_aHistoriography / _cV K Gopalakrishnan |
|
| 260 |
_bVave India, _aChanganasseri: |
||
| 300 | _a171p | ||
| 650 | _aHistory | ||
| 942 |
_cBK _2ddc _h907.2 _iGOP/H _k907.2 _mGOP/H |
||